250 Biggest Cities in The USA - Statistics

General Stats
  • This quiz has been taken 5,150 times
  • The average score is 121 of 250
Answer Stats
Hint Answer % Correct
NY New York City
99%
CA Los Angeles
98%
IL Chicago
97%
TX Dallas
96%
TX Houston
95%
AZ Phoenix
95%
FL Miami
94%
PA Philadelphia
94%
CA San Francisco
94%
D.C. Washington D.C.
93%
MA Boston
92%
NV Las Vegas
92%
CA San Diego
92%
WA Seattle
92%
TX Austin
91%
CO Denver
90%
GA Atlanta
89%
MI Detroit
89%
IN Indianapolis
89%
MS Jackson
89%
TX San Antonio
89%
OK Oklahoma City
88%
OR Portland
88%
KS Kansas City, KS
87%
MO Kansas City, MO
87%
TN Nashville
87%
FL Jacksonville
86%
FL Orlando
86%
LA New Orleans
85%
CA Sacramento
85%
NC Charlotte
84%
GA | OH Columbus
84%
TN Memphis
84%
MN Minneapolis
84%
FL Tampa
84%
CA San Jose
83%
MD Baltimore
82%
NM Albuquerque
81%
OH Cleveland
81%
TX El Paso
80%
WI Milwaukee
80%
OH Cincinnati
79%
TX Fort Worth
79%
MO St. Louis
79%
PA Pittsburgh
78%
UT Salt Lake City
78%
HI Honolulu
77%
KY Louisville
77%
NC Raleigh
76%
AZ Tucson
75%
NY Buffalo
74%
CO Colorado Springs
71%
NE Omaha
71%
MA | MO Springfield
71%
LA Baton Rouge
70%
CA Oakland
70%
VA Richmond
70%
MN St. Paul
70%
FL Tallahassee
70%
OK Tulsa
70%
ID Boise
69%
AR Little Rock
69%
NV Reno
69%
AL Birmingham
68%
CA Fresno
68%
VA Virginia Beach
68%
WI Madison
67%
NE Lincoln
66%
NC Winston-Salem
66%
AK Anchorage
65%
IA Des Moines
65%
NJ Newark
65%
KS Wichita
65%
SC Charleston
63%
RI Providence
63%
OR Salem
63%
AL Montgomery
61%
CA Long Beach
60%
AZ Mesa
60%
TX Arlington
59%
MN | NY Rochester
59%
CA Anaheim
58%
CA Bakersfield
58%
MO | SC Columbia
57%
CT Hartford
57%
KY Lexington
57%
NJ Jersey City
56%
GA Savannah
56%
OH Toledo
56%
KS Topeka
56%
TX Corpus Christi
55%
FL Fort Lauderdale
55%
AL Mobile
55%
GA Augusta
54%
TN Knoxville
54%
WA Spokane
54%
OH Dayton
53%
SD Sioux Falls
53%
FL St. Petersburg
52%
NY Syracuse
52%
NC Durham
51%
MI Grand Rapids
51%
NC Greensboro
51%
CA San Bernardino
51%
OH Akron
50%
CO Aurora, CO
50%
IL Aurora, IL
50%
CA Riverside
50%
IN Fort Wayne
49%
MI Lansing
49%
VA Norfolk
48%
TX Amarillo
47%
ND Fargo
47%
NV North Las Vegas
47%
TN Chattanooga
46%
CA Santa Ana
46%
WA Tacoma
46%
CA Stockton
45%
OR Eugene
44%
TX Lubbock
44%
CT New Haven
44%
AZ Scottsdale
44%
NV Henderson
43%
CA Pasadena, CA
43%
TX Pasadena, TX
43%
TX Waco
43%
AZ | CA Glendale
42%
CA Irvine
42%
LA Shreveport
42%
TX Laredo
41%
UT Provo
41%
AL Huntsville
40%
MA Worcester
40%
NY Yonkers
40%
TX Brownsville
39%
TX Plano
39%
NC Wilmington
39%
GA Athens
38%
WA Vancouver
38%
CT Bridgeport
37%
NC Fayetteville
37%
LA Lafayette
37%
AZ Tempe
37%
MI Ann Arbor
36%
VA Alexandria
35%
IA Cedar Rapids
35%
AZ Chandler
35%
VA Chesapeake
35%
CA Concord
35%
CO Fort Collins
35%
FL Hollywood
35%
TX Irving
35%
TX McAllen
35%
CA Chula Vista
34%
AZ Peoria
34%
CA Santa Clarita
34%
PA Allentown
33%
GA Macon
33%
CA Modesto
33%
VA Newport News
33%
CA Huntington Beach
32%
CA Orange
31%
CA Santa Rosa
31%
FL Cape Coral
30%
CA Fremont
30%
FL Gainesville
30%
AZ Gilbert
30%
CA Oxnard
30%
CA Santa Clara
30%
MA Cambridge
29%
FL Hialeah
29%
CA Lancaster
29%
KS Overland Park
29%
CA Berkeley
28%
TX Odessa
28%
IL Rockford
28%
TX Frisco
27%
TX Garland
27%
TX Midland
27%
CA Ontario
27%
FL Port St. Lucie
27%
IL Naperville
26%
TX Abilene
25%
NJ Elizabeth
25%
IN Evansville
25%
IL Joliet
25%
WA Bellevue
24%
TX Denton
24%
CA Oceanside
24%
NJ Paterson
24%
CT Stamford
24%
NC Cary
23%
TN Clarksville
23%
FL Clearwater
23%
OK Norman
23%
TX Beaumont
22%
TX College Station
22%
CO Lakewood
22%
TX McKinney
22%
TN Murfreesboro
22%
CA Fontana
21%
VA Hampton
21%
CA Palmdale
21%
CA Rancho Cucamonga
21%
CA Salinas
21%
CA Elk Grove
20%
TX Grand Prairie
20%
WA Kent
20%
TX Killeen
20%
CA Moreno Valley
20%
CA Pomona
20%
AZ Surprise
20%
CA Torrance
20%
CA Corona
19%
MO Independence
19%
TX Mesquite
19%
CA Thousand Oaks
19%
MI Warren
19%
UT West Valley City
19%
CA Escondido
18%
CA Fullerton
18%
KS Olathe
18%
TX Round Rock
18%
CA Garden Grove
17%
CA Hayward
17%
FL Pembroke Pines
17%
UT West Jordan
17%
TX Carrollton
16%
FL Miramar
16%
CA Roseville
16%
TX Sugar Land
16%
CA Sunnyvale
16%
CO Thornton
16%
CA Vallejo
16%
CA Visalia
16%
FL Coral Springs
15%
FL Palm Bay
15%
MI Sterling Heights
15%
CO Arvada
14%
CA Fairfield
14%
CA Victorville
14%
TX Pearland
13%
CA Simi Valley
13%
TX Richardson
12%
CA Murrieta
11%
No matching quizzes found
Score Distribution
Percent of People with Each Score
Percentile by Number Answered
Your Score History
You have not taken this quiz